00519 a2200169 4500001000900000005001700009008004100026245004900067100001800116700001900134700002400153700002200177700002400199700003300223700002300256773007000279ART_711120260410161554.0260409a 10aLos avances en la tecnología informática1 aMileti, Mabel1 aDíaz, Daniel1 aGastaldi, Jorgelina1 aIngrassia, Ramiro1 aMarchese, Alicia G.1 aMarcolini, Silvana Beatríz1 aVerón, Carmen S.0 tProfesional & Empresariag- Año VIII, Nº 89 (feb. 2007)wREV70